Normal view
MARC view
- Golten, Jack Verwer, Andy
Entry Personal Name
001 - CONTROL NUMBER
- control field: 75951
003 - CONTROL NUMBER IDENTIFIER
- control field: NUST
005 - DATE AND TIME OF LATEST TRANSACTION
- control field: 20210628205535.0
008 - FIXED-LENGTH DATA ELEMENTS
- fixed length control field: 210628|| aca||aabn | a|a d
040 ## - CATALOGING SOURCE
- Original cataloging agency: NUST
- Transcribing agency: NUST
100 ## - HEADING--PERSONAL NAME
- Personal name: Golten, Jack Verwer, Andy
670 ## - SOURCE DATA FOUND
- Source citation: Work cat.: (NUST): Golten, Jack Verwer, Andy, Control system design and simulation, 1991
